Cruise Management [electronic resource] : Information and Decision Support Systems / edited by Alexis Papathanassis, Michael H. Breitner, Cornelia Schoen, Nadine Guhr.
Record details
- ISBN: 9783834971593
- Physical Description: XI, 249p. 51 illus., 1 illus. in color. online resource.
- Publisher: Wiesbaden : Gabler Verlag, 2012.
Search for related items by subject
| Subject: | Economics. Marketing. Economics/Management Science. Marketing. |
Electronic resources
| LDR | 01490nam a22003975i 4500 | ||
|---|---|---|---|
| 001 | 30943 | ||
| 003 | CONS | ||
| 005 | 20130726180334.0 | ||
| 007 | cr nn 008mamaa | ||
| 008 | 111102s2012 gw | s |||| 0|eng d | ||
| 020 | . | ‡a9783834971593 ‡9978-3-8349-7159-3 | |
| 024 | 7 | . | ‡a10.1007/978-3-8349-7159-3 ‡2doi |
| 035 | . | ‡a(DE-He213)978-3-8349-7159-3 | |
| 050 | 4. | ‡aHF5410-5417.5 | |
| 072 | 7. | ‡aKJS ‡2bicssc | |
| 072 | 7. | ‡aKJSM ‡2bicssc | |
| 072 | 7. | ‡aBUS043000 ‡2bisacsh | |
| 100 | 1 | . | ‡aPapathanassis, Alexis. ‡eeditor. |
| 245 | 1 | 0. | ‡aCruise Management ‡h[electronic resource] : ‡bInformation and Decision Support Systems / ‡cedited by Alexis Papathanassis, Michael H. Breitner, Cornelia Schoen, Nadine Guhr. |
| 264 | 1. | ‡aWiesbaden : ‡bGabler Verlag, ‡c2012. | |
| 300 | . | ‡aXI, 249p. 51 illus., 1 illus. in color. ‡bonline resource. | |
| 336 | . | ‡atext ‡btxt ‡2rdacontent | |
| 337 | . | ‡acomputer ‡bc ‡2rdamedia | |
| 338 | . | ‡aonline resource ‡bcr ‡2rdacarrier | |
| 347 | . | ‡atext file ‡bPDF ‡2rda | |
| 650 | 0. | ‡aEconomics. | |
| 650 | 0. | ‡aMarketing. | |
| 650 | 1 | 4. | ‡aEconomics/Management Science. |
| 650 | 2 | 4. | ‡aMarketing. |
| 700 | 1 | . | ‡aBreitner, Michael H. ‡eeditor. |
| 700 | 1 | . | ‡aSchoen, Cornelia. ‡eeditor. |
| 700 | 1 | . | ‡aGuhr, Nadine. ‡eeditor. |
| 710 | 2 | . | ‡aSpringerLink (Online service) |
| 773 | 0 | . | ‡tSpringer eBooks |
| 776 | 0 | 8. | ‡iPrinted edition: ‡z9783834932723 |
| 856 | 4 | 0. | ‡uhttp://biblioteca.ipicyt.edu.mx:2048/login?url=http://dx.doi.org/10.1007/978-3-8349-7159-3 ‡yTexto completo ‡9CONS |
| 950 | . | ‡aBusiness and Economics (Springer-11643) | |
| 901 | . | ‡a30943 ‡b ‡c30943 ‡tbiblio ‡sSystem Local | |